000 00647nam a22002297a 4500
003 dpl
005 20180827125536.0
008 180827b xxu||||| |||| 00| 0 eng d
010 _aA-999407
020 _c250.00
_a8120315405
035 _aA-999407
037 _bBPPD/PUB
040 _aDPL
_bEN
_c0
082 _a005.3
_bMCG
100 _aM.Brad...[et.al]
245 _a Using microsoft SQL server 7.0 /
260 _aNew Delhi
_bPrentice hall of India
_c1999
270 _bNew Delhi
_aM-97, Connaught circus
_e110001
300 _axvii, 746p.
_c25cm(Hb)
500 _aIncludes index
942 _2ddc
_cEN
_h005.3
_mMCG
999 _c156388
_d156388